[Event "Sharjah Master 2024"]
[Site "Shsrjah - Abu Dhabi"]
[Date "2024.05.16"]
[Round "3.44"]
[White "Bharath Subramaniyam H"]
[Black "Suleymenov, Alisher"]
[Result "1-0"]
[WhiteElo "2544"]
[BlackElo "2499"]
[PlyCount "151"]
[EventDate "2024.05.14"]
[EventCountry "UAE"]

{[%evp 0,151,26,10,50,53,94,61,76,68,61,61,44,35,22,28,31,-11,34,-7,-3,-17,-32,-19,37,66,62,65,95,78,83,87,92,92,86,63,72,72,94,97,97,107,92,72,70,70,108,116,173,194,171,171,171,171,348,348,348,288,288,289,289,270,270,270,282,303,282,282,282,271,229,176,188,184,176,171,177,174,169,164,174,154,163,144,151,154,139,139,139,131,156,152,185,185,190,189,197,187,184,184,201,202,194,192,188,190,192,202,202,202,202,197,202,192,202,202,202,202,202,192,193,185,193,200,202,218,225,222,233,233,248,233,242,233,242,233,238,238,355,367,367,342,344,351,366,366,386,393,390,394,408,518,600,659]} 1. e4 c5 2. Nf3 d6 3. Nc3 Nf6 4. d4 cxd4 5. Qxd4 Nc6 6. Qd3 g6 7. Nd5 Bg7 8. c3 Nd7 9. Bg5 h6 10. Bh4 g5 $146 ({RR} 10... Nc5 11. Qc2 f5 12. exf5 Bxf5 13. Qd1 O-O 14. Bc4 Kh8 15. O-O g5 16. Bg3 e6 17. Ne3 d5 18. Bb5 Be4 19. Nd4 Qb6 20. Bxc6 bxc6 21. b4 Nd3 22. Nxe6 Bxc3 23. Nxf8 Rxf8 24. Qh5 Bg7 25. Rad1 {Nasuta,G (2563)-Lagarde,M (2642) chess.com INT 2024 ½-½ (109)}) ({RR} 10... O-O 11. Rd1 g5 12. Bg3 Nc5 13. Qc2 f5 14. exf5 Bxf5 15. Qc1 Kh8 16. Ne3 Be6 17. Bc4 Qd7 18. O-O Bxc4 19. Nxc4 Qf5 20. Qe3 Ne4 21. Rfe1 d5 22. Na3 Rad8 23. Nd4 Nxd4 24. cxd4 Bf6 25. Nb5 {Skvortsov,A (2309)-Vukcevic,N (2275) Podgorica MNE 2024 ½-½ (54)}) ({RR} 10... O-O 11. Rd1 g5 12. Bg3 Nc5 13. Qe3 f5 14. exf5 Bxf5 15. Bc4 Kh8 16. h4 g4 17. Nd4 Nxd4 18. cxd4 Ne4 19. Bf4 Rc8 20. Bb3 Qa5+ 21. Kf1 Bh7 22. Kg1 Nxf2 23. Qxf2 e6 24. Bd2 Qa6 25. Nf4 {Xiong,J (2659)-Korobov,A (2666) chess.com INT 2024 0-1 (32)}) 11. Bg3 e6 12. Ne3 Nde5 13. Nxe5 dxe5 14. Qc2 Qe7 15. O-O-O Bd7 16. Kb1 O-O-O 17. f3 Kb8 18. Bf2 f5 19. exf5 exf5 20. Bd3 f4 21. Nd5 Qf7 22. Bg6 Qg8 23. Qa4 Bf8 24. Be4 Qf7 25. Nb4 Bxb4 26. Bxc6 Qh7+ 27. Ka1 Bxc6 28. Qxa7+ Kc8 29. cxb4 Rxd1+ 30. Rxd1 b5 31. Qc5 Qc7 32. Rc1 Kb7 33. Qa7+ Kc8 34. Qa6+ Kd7 35. Bb6 Qb7 36. Qxb7+ Bxb7 37. Rc7+ Kd6 38. Rxb7 Kc6 39. Re7 Kxb6 40. Rxe5 Rd8 41. Re6+ Kc7 42. a3 Rd2 43. Rxh6 Rxg2 44. Rg6 g4 45. fxg4 f3 46. Ka2 Rxh2 47. Rf6 f2 48. Kb3 Rg2 49. g5 Rxg5 50. Rxf2 Rg3+ 51. Kc2 Kc6 52. Rd2 Rh3 53. Rd3 Rh2+ 54. Kc3 Rg2 55. Rf3 Rh2 56. Rf6+ Kb7 57. Rd6 Kc7 58. Rd2 Rh3+ 59. Kc2 Kc6 60. b3 Rg3 61. Kb2 Rg4 62. Kc3 Rg3+ 63. Rd3 Rg2 64. a4 Rg5 65. Re3 Rh5 66. Rg3 Kd6 67. Kb2 Rh2+ 68. Ka3 Rh5 69. Rc3 Rh1 70. a5 Rh8 71. Rc5 Rb8 72. Kb2 Rb7 73. Kc3 Rb8 74. Kd4 Ke7 75. Rc6 Rh8 76. Kc5 1-0

[Event "Sharjah Master 2024"]
[Site "Shsrjah - Abu Dhabi"]
[Date "2024.05.17"]
[Round "4.1"]
[White "Salem, A.R. Saleh"]
[Black "Niemann, Hans Moke"]
[Result "1/2-1/2"]
[WhiteElo "2629"]
[BlackElo "2688"]
[PlyCount "56"]
[EventDate "2024.05.14"]
[EventCountry "UAE"]

{[%evp 0,56,26,18,53,54,46,31,28,45,21,47,34,43,43,-2,-2,-2,-2,-2,12,-13,-9,0,6,-4,20,14,22,25,27,25,14,23,14,-22,11,8,23,35,38,50,48,41,25,61,55,-9,-9,-10,-12,-13,0,-1,-25,-59,-53,-73,-53]} 1. e4 c5 2. Nf3 Nc6 3. d4 cxd4 4. Nxd4 Nf6 5. Nc3 e5 6. Ndb5 d6 7. Bg5 a6 8. Na3 b5 9. Nd5 Be7 10. Bxf6 Bxf6 11. c3 O-O 12. Nc2 Rb8 13. h4 $146 g6 {RR} 14. g3 Bg7 15. h5 Ne7 16. Ncb4 Bb7 17. hxg6 hxg6 18. Be2 Rc8 19. a4 a5 20. Nxe7+ Qxe7 21. Nd5 Bxd5 22. Qxd5 Rc5 23. Qd3 bxa4 24. Rxa4 Rb8 25. b4 axb4 26. Rxb4 Rbc8 27. Rb3 d5 28. O-O d4 {Perez Ponsa,F (2538)-Lupulescu,C (2589) chess.com INT 2024 ½-½ (39)} 1/2-1/2

[Event "Sharjah Master 2024"]
[Site "Shsrjah - Abu Dhabi"]
[Date "2024.05.17"]
[Round "?"]
[White "Tabatabaei, Mohammad Amin"]
[Black "Aravindh, Chithambaram VR."]
[Result "1/2-1/2"]
[WhiteElo "2707"]
[BlackElo "2670"]
[PlyCount "150"]
[EventDate "2024.05.14"]
[EventCountry "UAE"]

{[%evp 21,150,-5,37,28,34,28,80,69,81,77,110,112,103,104,105,70,65,68,83,101,105,67,65,61,65,52,72,14,18,13,15,13,12,12,14,15,19,23,176,171,239,234,239,234,236,238,241,233,328,335,442,446,465,465,545,545,544,529,550,553,713,715,715,467,460,461,462,160,182,97,259,241,242,105,199,106,109,101,95,91,101,96,106,85,81,83,60,85,137,20,20,0,0,0,0,0,0,0,0,0,0,0,1,4,7,0,0,0,0,0,0,0,6,0,0,0,0,0,0,0,0,0,0,0,0,0,0,0,0,0,0]} 1. d4 Nf6 2. c4 e6 3. Nc3 Bb4 4. e3 c5 5. Bd3 d5 6. cxd5 Nxd5 7. Nge2 cxd4 8. exd4 Nc6 9. O-O O-O 10. a3 Be7 11. Be4 $146 ({RR} 11. Nxd5 Qxd5 12. Be3 g6 13. Nc3 Qd8 14. Bb5 Bf6 15. Bxc6 bxc6 16. Qf3 Bd7 17. Rfd1 Rb8 18. b4 Bg7 19. Ne4 Qe7 20. Nc5 Rfd8 21. Rac1 Be8 22. Bf4 Rbc8 23. Be5 Rd5 24. Bxg7 Kxg7 25. Qe4 Qf6 {Al-Blooshi,H (2200)-Piddubna,B (2005) chess.com INT 2024 0-1 (72)}) ({RR} 11. Re1 Bf6 12. Qc2 h6 13. Nxd5 Qxd5 14. Be4 Nxd4 15. Nxd4 Qxd4 16. Rd1 Qe5 17. Rb1 Rb8 18. g3 g5 19. b4 Qc3 20. Qe2 Bg7 21. h4 gxh4 22. Bb2 Qc7 23. Bxg7 Kxg7 24. Qg4+ Kh8 25. Qxh4 f5 {Agibileg,U (2445)-Zhukov,M (1835) chess.com INT 2024 1-0 (33)}) 11... Bf6 12. Qd3 g6 13. Bh6 Bg7 14. Bxg7 {White is better.} Kxg7 15. Rfe1 Qd6 16. Nb5 Qb8 17. Bxd5 exd5 18. Qf3 Be6 19. Rad1 a6 20. Nbc3 Qd6 21. h4 f6 22. Nf4 Bf7 23. Nfxd5 Rad8 {[%cal Rf7d5]} 24. Ne3 (24. Nb4 $16) 24... Nxd4 $11 25. Qxb7 Rd7 26. Qb4 Qxb4 27. axb4 Rb8 28. Ncd5 $36 {[%mdl 2048] White has good play.} Nb5 29. Nf4 Rd4 $2 {[#] Mistake. Rbd8 was best.} (29... Rbd8 30. Rxd7 Rxd7 31. Ra1 Rd6 32. Ra5 Kf8 33. Ne2 Nd4 34. Nc3 Nb3 35. Ra3) (29... Nd4 $11 {and Black stays safe.}) 30. Nh5+ $1 $18 {[%mdl 512]} Kf8 $6 {Inaccuracy. Kh8 was best.} (30... Kh8 31. Nxf6 Rb6 32. Rxd4 Nxd4 33. Ned5 Rb7 34. Ra1 Rb5 35. Ra5 Kg7 {[#]} 36. Rxb5 $1) (30... Kh8 $142) (30... gxh5 31. Nf5+) 31. Nxf6 Kg7 32. Nd7 Rb7 33. Nc5 {[%mdl 64] Double Attack} Rb6 34. h5 Rxb4 $2 {Mistake. Rxd1 was best.} (34... Rxd1 35. Rxd1 gxh5 36. Kh2 Be6 37. f4 Bg4 38. Nxg4 hxg4 39. Kg3 Nd6 40. Kxg4) (34... Rbd6 $142 35. Rxd4 Rxd4 36. hxg6 (36. Nxa6 Rd2 $18) 36... hxg6 37. Nxa6 Rd2) 35. Rd7 Rd4 36. h6+ $1 Kg8 37. Ng4 g5 38. Ree7 Bg6 39. Ne5 Rxd7 40. Ncxd7 Rd6 $6 {Inaccuracy. Nd4 was best.} (40... Nd4 41. Nxb6 Nf5 42. Ra7 Nxh6 43. Nd5 Nf5 44. Nf6+ Kf8 45. Nf3 Ne7 46. Nxg5) 41. Rg7+ Kh8 42. Nf8 $6 {[%cal Rf8g6] Inaccuracy. Ng4 was best.} (42. Ng4 Rxd7 43. Rxd7 Kg8 44. Ne5 Be8 45. Rg7+ Kf8 46. Rxh7 Nd6 47. Rh8+ Ke7) 42... Bh5 43. Rxh7+ Kg8 44. Ned7 $4 {Blunder. Rg7+ was best.} (44. Rg7+ Kxf8 45. Nd7+ Rxd7 46. Rxd7 Kg8 47. Rg7+ Kh8 48. Rxg5 Be2 49. Rg6 a5) (44. Rg7+ $18 Kxf8 45. Nd7+ Rxd7 46. Rxd7) 44... Nd4 $16 45. Rg7+ (45. g4 $18 Bxg4 46. Rg7+ Kh8 47. Ng6+ Rxg6 48. Rxg6 Bxd7 49. Rxa6) 45... Kh8 {...Ne2+ is the strong threat.} 46. Rh7+ (46. Rxg5 Ne2+ 47. Kh2 Rxh6 $16) 46... Kg8 47. g4 (47. Rg7+ $18 {and White stays clearly on top.} Kh8 48. Rh7+ (48. Rxg5 Ne2+ 49. Kh2 Be8 $16) 48... Kg8) 47... Ne2+ (47... Bxg4 $16 48. Rg7+ Kh8) 48. Kf1 $4 {Blunder. Kh2 was best.} (48. Kh2 Be8 49. Rg7+ Kh8 50. Kg2 Nf4+ 51. Kf3 Rxh6 52. Rxg5 Nd3 53. Kg3 Rd6) ({Better is} 48. Kh2 $18 Bxg4 49. Rg7+ {[%mdl 64] Double Attack} Kh8 50. Ng6+ Rxg6 51. Rxg6 Bxd7 52. Rxa6 (52. Rxg5 Bb5 $16)) 48... Nf4 {[%cal Rd6d1]} 49. Rg7+ Kh8 {[%cal Rd6d1]} 50. Rh7+ Kg8 {[%cal Rd6d1]} 51. f3 Be8 52. Rg7+ Kh8 53. Rh7+ Kg8 54. Rg7+ Kh8 {[#]} 55. Ne5 $6 {Inaccuracy. Re7 was best.} (55. Re7 {55.e1 1.30}) (55. Ke1 $1 $16) 55... Rxh6 $11 {The position is equal.} 56. Re7 Bb5+ 57. Ke1 {Black must now prevent Nf7+.} Kg8 58. Nfd7 Bxd7 59. Nxd7 {[%mdl 4096] Endgame KRN-KRN} ({Avoid the trap} 59. Rxd7 $2 Re6 $19) 59... Rh1+ 60. Kd2 {aiming for Nf6+.} Rh2+ 61. Kd1 Rxb2 62. Nf6+ Kf8 63. Ra7 Nh3 64. Ke1 Ra2 65. Ne4 Ra3 66. Nd2 Nf4 67. Kf2 Ra2 68. Ke3 (68. Ra8+ {feels hotter.} Kg7 69. Ke3 Ng2+ 70. Ke2 Nf4+ 71. Kd1) 68... Nd5+ 69. Ke2 Nf4+ 70. Kd1 Ra1+ 71. Kc2 Ra2+ 72. Kc3 Nd5+ 73. Kd3 Nf4+ 74. Ke3 Nd5+ 75. Ke2 Nf4+ {Accuracy: White = 77%, Black = 74%.} 1/2-1/2

[Event "Sharjah Master 2024"]
[Site "Shsrjah - Abu Dhabi"]
[Date "2024.05.17"]
[Round "?"]
[White "Shankland, Sam"]
[Black "Puranik, Abhimanyu"]
[Result "1/2-1/2"]
[WhiteElo "2671"]
[BlackElo "2629"]
[PlyCount "82"]
[EventDate "2024.05.14"]
[EventCountry "UAE"]

1. d4 d5 2. Nf3 Nf6 3. e3 e6 4. Nbd2 Nbd7 5. Bd3 c5 6. b3 Bd6 7. Bb2 b6 8. O-O Bb7 9. Ne5 $146 ({RR} 9. Re1 Qc7 10. e4 cxd4 11. Bxd4 e5 12. Bb2 O-O 13. exd5 Bxd5 14. c4 Bxf3 15. Nxf3 Rfe8 16. Qc2 Nc5 17. Ng5 e4 18. Bxe4 Nfxe4 19. Nxe4 Bxh2+ 20. Kf1 Qf4 21. Nxc5 bxc5 {½-½ (21) Li,S (1398)-You,J (1434) Shanghai CHN 2024}) 9... O-O 10. f4 cxd4 11. exd4 Ne4 12. Nxe4 dxe4 13. Bc4 Qc7 14. Rc1 Rad8 15. Qe2 Kh8 16. Qe3 Nf6 17. Qh3 Nd5 $6 {Inaccuracy. Ng8 was best.} (17... Ng8 18. a4 a6 19. Be2 Nh6 20. Qc3 Qxc3 21. Bxc3 Nf5 22. g4 Ne3 23. Nc4) 18. Bxd5 exd5 19. f5 Bxe5 20. dxe5 Qc5+ 21. Kh1 d4 22. Rf4 g5 23. fxg6 fxg6 24. Rxf8+ Qxf8 $6 {Inaccuracy. Rxf8 was best.} (24... Rxf8) 25. e6 $6 {Inaccuracy. Qh4 was best.} (25. Qh4 Kg7) 25... Kg8 26. Qh4 Re8 27. Bxd4 e3 28. Bxe3 Rxe6 29. Qc4 Qf5 30. Rd1 b5 31. Qd4 Qe4 32. Qxe4 Bxe4 33. Bxa7 Ra6 34. Rd4 Bxc2 35. Rd2 Rxa2 36. Bd4 Bxb3 37. Rxa2 Bxa2 38. Kg1 Kf7 39. Kf2 Ke6 40. Ke3 Kd5 41. Bf6 Bb1 1/2-1/2

[Event "Sharjah Master 2024"]
[Site "Shsrjah - Abu Dhabi"]
[Date "2024.05.17"]
[Round "?"]
[White "Murzin, Volodar"]
[Black "Sankalp Gupta"]
[Result "1/2-1/2"]
[WhiteElo "2631"]
[BlackElo "2531"]
[PlyCount "53"]
[EventDate "2024.05.14"]
[EventCountry "UAE"]

{[%evp 16,53,42,22,23,23,17,17,19,22,20,20,26,22,17,17,17,16,20,16,20,20,20,23,33,35,39,0,26,10,55,75,74,44,48,47,58,38,50,-1]} 1. e4 e5 2. Nf3 Nf6 3. Nxe5 d6 4. Nf3 Nxe4 5. d4 d5 6. Bd3 Bd6 7. O-O O-O 8. c4 c6 9. Qc2 h6 10. Re1 $146 ({RR} 10. Nc3 Nxc3 11. bxc3 dxc4 12. Bxc4 Qf6 13. Re1 Bf5 14. Bd3 Bxd3 15. Qxd3 Nd7 16. Rb1 b5 17. c4 bxc4 18. Qxc4 Rfe8 19. Bd2 Nb6 20. Qc2 Qg6 21. Qxg6 fxg6 22. Rxe8+ Rxe8 23. Rc1 Rc8 24. Kf1 Kf7 {Rustamov,R (2261)-Paravyan,D (2612) chess.com INT 2024 ½-½}) ({RR} 10. Nc3 Nxc3 11. bxc3 Be6 12. c5 Bc7 13. Re1 ({White should play} 13. Ne5 $14) 13... Nd7 14. Bh7+ Kh8 15. Bf5 Qf6 16. Bxe6 fxe6 17. Rb1 Rab8 18. c4 e5 19. cxd5 cxd5 20. dxe5 Nxe5 21. Rb3 Rbe8 22. Nxe5 Rxe5 23. Rxe5 Qxe5 {[%cal Re5e1]} 24. g3 d4 {Pichot,A (2651)-Gurel,E (2560) Samarkand UZB 2023 0-1 (47)}) ({RR} 10. Bxe4 dxe4 11. Qxe4 Re8 12. Qh4 Qxh4 13. Nxh4 Na6 14. Nc3 Nb4 15. Bd2 Be6 (15... Nc2 $15 16. Rad1 Bg4) 16. d5 Bd7 17. Rad1 c5 (17... Be7 $11 18. Nf3 Nd3) 18. Rfe1 Rxe1+ 19. Bxe1 Re8 20. Bd2 Nc2 21. Nf3 a6 22. a4 (22. Ne1 $14 Bf5 23. Nxc2 Bxc2 24. Rc1) 22... Bf5 23. Rc1 Bd3 24. Nd1 Re2 {Audi,A (2391)-Marchenko,N (2092) Ershovo RUS 2024 ½-½}) ({RR} 10. c5 Bc7 11. Nc3 Nxc3 12. bxc3 Re8 13. Be3 Nd7 14. h3 Nf6 15. Rae1 b6 16. Bd2 bxc5 17. dxc5 Nd7 (17... Be6 $11 {remains equal.}) 18. Be3 (18. Rxe8+ $16 Qxe8 19. Re1) 18... Nf8 19. Bd4 Ne6 20. Bf5 Nxd4 21. Nxd4 Bd7 22. Qa4 Bxf5 23. Nxf5 Qd7 $2 {[%mdl 8192]} (23... Be5 $14) 24. Nd4 $2 (24. Qg4 $18 {[%csl Gf5][%cal Rg4g7]} Qxf5 25. Qxf5) 24... Rxe1 {Drygalov,A (2475)-Finek,V (2436) chess.com INT 2024 1-0 (60)}) 10... Be6 11. cxd5 cxd5 {The position is equal.} 12. Bxe4 dxe4 13. Qxe4 Nc6 14. Nc3 {[#] And now d5 would win.} Re8 15. Bf4 {d5 is the strong threat.} Bd7 16. Ne5 Nxe5 17. Bxe5 Bxe5 18. dxe5 Bc6 19. Qe3 Qh4 20. Rad1 Rad8 21. a3 ({Don't go for} 21. Qxa7 $2 Qg4 $19) 21... a6 22. h3 Qh5 23. Rxd8 Rxd8 24. Ne2 Qg6 {[%csl Gc6][%cal Rg6g2] [#]White is slightly better.} 25. Nf4 Qc2 26. b4 Kh7 27. Qc1 {Accuracy: White = 70%, Black = 88%.} 1/2-1/2

[Event "Sharjah Master 2024"]
[Site "Shsrjah - Abu Dhabi"]
[Date "2024.05.17"]
[Round "?"]
[White "Petrosyan, Manuel"]
[Black "Erigaisi Arjun"]
[Result "0-1"]
[WhiteElo "2616"]
[BlackElo "2761"]
[PlyCount "92"]
[EventDate "2024.05.14"]
[EventCountry "UAE"]

{[%evp 18,92,51,42,43,46,46,45,125,54,60,58,51,54,45,46,51,33,63,67,49,28,85,66,63,72,115,119,102,112,105,49,52,-32,-41,-36,-33,-64,-67,-63,-79,-57,-68,-119,-119,-186,-188,-186,-190,-185,-155,-162,-159,-164,-164,-311,-281,-284,-283,-408,-404,-445,-445,-476,-467,-474,-473,-444,-468,-449,-447,-472,-465,-534,-526,-588,-571]} 1. e4 e6 2. d4 d5 3. e5 c5 4. c3 Nc6 5. Nf3 Bd7 6. Be2 f6 7. O-O fxe5 8. Nxe5 Nxe5 9. dxe5 Qc7 10. Re1 O-O-O 11. Nd2 ({RR} 11. Bf1 Ne7 12. a4 Nf5 13. Bd3 g6 14. Bg5 Be7 15. Bxe7 Nxe7 16. Na3 (16. b4 $14) 16... Rhf8 17. b4 Kb8 18. Nc2 Nc6 (18... c4 $15 19. Bf1 Nc6) 19. bxc5 Nxe5 20. Bb5 $1 Bc8 21. Nd4 Rf6 22. Rb1 Ka8 $1 23. c6 ({White should play} 23. a5 $14) 23... Nxc6 24. Bxc6 bxc6 25. Qe2 Bd7 {Idani,P (2602)-Erigaisi,A (2727) Samarkand UZB 2023 ½-½ (73)}) 11... Ne7 12. Nf3 Nf5 $146 {Inaccuracy. Kb8 was best.} (12... Kb8 13. Ng5 Nf5 $1 14. Bd3 g6 15. h3 h6 16. Nf7 Ba4 $1 17. Qxa4 Qxf7 18. c4) ({RR} 12... h6 13. h4 (13. b4 $14) 13... Nc6 14. Bf4 Be8 (14... g5 $5 15. hxg5 hxg5 16. Bxg5 (16. Nxg5 Bh6 $11) 16... Be7 17. Bxe7 Nxe7 $11) 15. Bg3 (15. b4 $11) 15... Bh5 (15... g5 $17) 16. Qa4 Qa5 17. Qc2 Be7 18. b4 Qc7 (18... cxb4 $11 19. Nd4 Bxe2 20. Nxc6 bxc6 21. cxb4 Qb5 22. Rxe2 g5) 19. b5 Na5 20. Nd4 cxd4 21. Bxh5 dxc3 22. Bf7 Kb8 23. Bxe6 d4 24. Bf5 Ka8 25. e6 Qb6 (25... Qc5 $11 {remains equal.}) 26. Bd3 Rhe8 27. Re4 {Pfreundt,J (2455)-Nisipeanu,L (2600) Viernheim GER 2024 ½-½ (38)} (27. Qa4 $142)) (12... Kb8 $14) 13. Ng5 $6 {Inaccuracy. Bd3 was best.} (13. Bd3 g6 14. Bg5 Re8 15. Bf6 Rg8 16. g4 Bc6 17. Rb1 Nh6 18. h3 Be7) (13. Bd3 $16) 13... Kb8 $14 14. Bd3 g6 15. Bd2 Bc8 16. Nf3 h6 17. b4 g5 18. h3 Rg8 19. g4 d4 (19... Nh4 $11) 20. c4 ({Much weaker is} 20. gxf5 $6 dxc3 21. Be3 (21. Bxc3 g4 $17) 21... exf5 $15) 20... Ne7 21. b5 b6 22. a4 Bb7 23. a5 Bg7 24. Qe2 $6 {Inaccuracy. a6 was best.} (24. a6) ({White should try} 24. a6 $16 Ba8 25. Qe2) 24... Rdf8 25. Be4 (25. Nh2 $14) 25... Bxe4 $15 26. Qxe4 Qb7 $36 {[%mdl 2048] Black has good play.} 27. Qxb7+ Kxb7 28. Ra3 Ng6 $1 29. Kg2 Ra8 30. Kf1 Rgf8 31. Rea1 {[#]} (31. Ke2 $17) 31... Rxf3 $1 $19 {[%mdl 576] Remove Defender} 32. Rxf3 {And now Rf7+ would win.} Nxe5 {[%mdl 64] Double Attack} 33. Kg2 Nxf3 $6 {Inaccuracy. a6 was best.} (33... a6 34. bxa6+ Rxa6 35. Rb1 Kc6 36. Rxb6+ Rxb6 37. axb6 Kxb6 38. Bc1 {[#]} Kc6 $1 39. Ra3) 34. Kxf3 {[%mdl 4096] Endgame KRB-KRB} Rf8+ 35. Kg2 Be5 36. Re1 $4 {Blunder. axb6 was best.} (36. axb6 axb6 37. Re1 Bf4 38. Bxf4 Rxf4 39. Rxe6 d3 40. Rd6 Kc7 41. Rxd3 Rxc4) (36. axb6 $142 axb6 37. Re1) 36... Bf4 37. Bxf4 Rxf4 38. axb6 $6 {Inaccuracy. a6+ was best.} (38. a6+ $2 {38.xe6 -2.33} Kc7 39. Rxe6 d3 40. Kf1 Rxc4 41. Ke1 Rb4 42. Kd2 Rxb5 43. Kxd3 Rb3+) (38. Rxe6 {only move.} bxa5 39. Re7+ Kb8 40. Re8+ Kc7 41. Re5) 38... Kxb6 39. Rxe6+ {KR-KR} Ka5 {Black is clearly winning.} 40. Ra6+ Kb4 41. Rxa7 Kxc4 42. b6 {Strongly threatening b7.} Rf6 43. Ra6 {Threatens to win with b7.} Rf8 ({Not} 43... Rf7 44. Ra7 $17) 44. b7 {[#]} Rb8 $1 45. Rb6 {If White can now play Kf1 this consolidates a bit.} d3 46. Kf1 Kc3 {Accuracy: White = 55%, Black = 89%.} 0-1

[Event "Sharjah Master 2024"]
[Site "Shsrjah - Abu Dhabi"]
[Date "2024.05.17"]
[Round "?"]
[White "Theodorou, Nikolas"]
[Black "Yu, Yangyi"]
[Result "1/2-1/2"]
[WhiteElo "2616"]
[BlackElo "2728"]
[PlyCount "156"]
[EventDate "2024.05.14"]
[EventCountry "UAE"]

{[%evp 11,156,15,13,7,12,6,0,5,16,14,18,17,18,13,10,-2,62,52,57,31,37,0,0,0,0,8,5,0,10,9,17,13,35,32,187,183,175,179,178,177,173,158,170,164,175,134,238,201,200,208,216,212,275,215,210,208,216,219,224,212,220,209,219,225,220,187,190,186,219,177,179,148,172,173,171,170,171,170,160,78,82,73,81,79,103,101,109,75,126,120,119,97,141,142,151,135,127,30,68,57,71,70,86,2,2,6,14,8,16,1,2,2,2,2,24,0,0,0,5,5,5,5,5,5,7,7,8,10,1,0,0,0,0,0,0,0,0,0,0,0,0,0,0,0,0,1,2]} 1. d4 Nf6 2. c4 e6 3. Nf3 b6 4. a3 Bb7 5. Nc3 d5 6. Qc2 Be7 7. Bf4 c5 8. dxc5 bxc5 9. cxd5 exd5 10. e3 O-O 11. Be2 Nbd7 12. h3 Rc8 {Black wants to play ...d4!} 13. Rd1 d4 (13... Qb6 $11) 14. exd4 $14 cxd4 15. Rxd4 Qb6 16. Rd1 Nd5 17. Nxd5 Rxc2 18. Nxb6 Nxb6 19. Be5 Be4 20. Nd2 Bg6 21. Nf1 f6 22. Bd4 Nd5 $2 {Mistake. Nc4 was best.} (22... Nc4 $1) ({Black should try} 22... Nc4 $1 $14) 23. Bf3 $1 $18 {[%cal Rf3d5]} Nf4 {[#] With the idea ...Nd3+.} 24. Ne3 $1 $36 {[%cal Re3c2][%mdl 2048] White has strong initiative.} Rc7 25. g3 Ne6 {[#]} 26. Bc3 $1 Bc5 27. Nd5 Rcc8 28. h4 Bf7 (28... Bc2 $16) 29. O-O Nc7 30. Nxc7 Rxc7 31. Ba5 Rcc8 32. Rfe1 Rfe8 33. Rxe8+ Bxe8 34. Bd5+ Kf8 35. Rc1 Ke7 {next ...Bxf2+ is good for Black.} 36. Bd2 Bd7 37. Be4 h6 38. Bg6 Rc6 39. Be4 Rc8 40. Bf4 Bb6 41. Re1 {Strongly threatening Bf5+.} Kf8 42. Bd5 {[%cal Rf4d6]} Bc7 43. Be3 {Intending Bc5+ and mate.} Bb6 44. Bf4 {[%cal Rf4d6]} Bc7 45. Bxc7 $6 {Inaccuracy. Bd2 was best.} (45. Bd2 Bd6 46. Rd1 Ke7 47. Be4 f5 (47... g5 $16 {is a better defense.}) 48. Bb1 Be6 49. Rc1 Rd8 50. Ba5 Rd7) (45. Bd2 $142 {White wants to mate with Bb4+.} Bd6 46. Be4) 45... Rxc7 $16 {[%mdl 4096] Endgame KRB-KRB} 46. Re3 Rc5 47. Bf3 Rc2 48. Rb3 a5 49. Rb7 Ke8 50. Kf1 g5 51. hxg5 hxg5 52. Ke1 f5 53. Bd1 Rc5 54. b4 $2 {Mistake. Be2 was best.} (54. Be2) ({Better is} 54. Be2 $16) 54... Re5+ $6 {Inaccuracy. axb4 was best.} (54... axb4) 55. Kd2 Rd5+ 56. Kc1 Kd8 57. Rb8+ $6 {Inaccuracy. Bb3 was best.} (57. Bb3) (57. Bb3 $16 Rd6 58. bxa5) 57... Kc7 $11 58. Rg8 axb4 59. axb4 g4 60. Bc2 Rd4 61. Rf8 Kd6 62. b5 Rb4 63. b6 Rxb6 {The position is equal.} 64. Rf6+ Kc5 65. Rxb6 Kxb6 {KB-KB} 66. Kd2 {Black must now prevent Ke3.} f4 $1 67. gxf4 {f5 is the strong threat.} Kc7 68. Ke3 {Hoping for f5.} Kd6 69. Ke4 {aiming for Bd1.} Ke6 70. f5+ Kf6 71. Kf4 Bc8 72. Kxg4 Bd7 73. Kf4 Bc8 74. Be4 Bd7 75. Bb7 Bxf5 76. Be4 Bd7 77. Bb7 Bf5 78. Be4 Bd7 {Accuracy: White = 80%, Black = 79%.} 1/2-1/2